[Event "Landesliga Sued 9900"]
[Site "Bayern"]
[Date "2000.01.30"]
[Round "5.4"]
[White "Schlosser, Andree"]
[Black "Reisch, Stefan"]
[Result "1/2-1/2"]
[WhiteElo "2105"]
[BlackElo "2150"]
[PlyCount "113"]
[EventDate "1999.10.10"]
[EventType "team-tourn"]
[EventRounds "9"]
[EventCountry "GER"]
[SourceTitle "EXT 2020"]
[Source "ChessBase"]
[SourceDate "2019.10.17"]
[SourceVersion "1"]
[SourceVersionDate "2019.10.17"]
[SourceQuality "1"]
[WhiteTeam "Fuerstenfeldbruck TuS"]
[BlackTeam "Haunstetten TSV"]
[WhiteTeamCountry "GER"]
[BlackTeamCountry "GER"]

1. Nf3 d5 2. d4 e6 3. Bf4 Nf6 4. e3 Be7 5. Be2 0-0 6. h3 c5 7. c3 b6 8. a4 Ba6 9. Bxa6 Nxa6 10. 0-0 Nb8 11. Bxb8 Rxb8 12. Ne5 Qc7 13. Nd2 Bd6 14. f4 Ne4 15. Nxe4 dxe4 16. Qc2 f6 17. Nc4 cxd4 18. Nxd6 Qxd6 19. exd4 f5 20. Qe2 Rf7 21. Qb5 Rd7 22. Rad1 Qd5 23. Qe2 Rc8 24. Rd2 Rc4 25. Ra1 Qc6 26. Qd1 Rd5 27. Ra3 Ra5 28. b4 Rd5 29. Qb3 Rd7 30. Re2 Rc7 31. Re3 Qd6 32. g3 g5 33. fxg5 e5 34. Ra2 exd4 35. cxd4 Qxd4 36. Rf2 Kg7 37. Qb2 Rxb4 38. Qxd4+ Rxd4 39. a5 Rc1+ 40. Kg2 bxa5 41. Rxf5 Rd2+ 42. Rf2 Rcc2 43. Rxd2 Rxd2+ 44. Kf1 Rd4 45. Ke2 Kg6 46. h4 Kf5 47. Rc3 Rd7 48. Ke3 Re7 49. Rc5+ Kg4 50. Rxa5 Kxg3 51. g6 hxg6 52. Rg5+ Kxh4 53. Rxg6 Kh5 54. Ra6 Kg5 55. Ra4 Kf5 56. Ra5+ Kf6 57. Ra4 1/2-1/2